Japans aussenhandel

Na minha lista:
Detalhes bibliográficos
Autor principal: Tonder, Michael
Formato: Livro
Idioma:Undetermined
Publicado em: Tokyo 1977
Assuntos:
Tags: Adicionar Tag
Sem tags, seja o primeiro a adicionar uma tag!
Thư viện lưu trữ: Trung tâm Học liệu Trường Đại học Cần Thơ
LEADER 00440nam a2200181Ia 4500
001 CTU_97418
008 210402s9999 xx 000 0 und d
082 |a 382 
082 |b T663 
100 |a Tonder, Michael 
245 0 |a Japans aussenhandel 
245 0 |c Michael Tonder 
260 |a Tokyo 
260 |c 1977 
650 |a Japan 
650 |x Commerce 
904 |i Tuyến 
980 |a Trung tâm Học liệu Trường Đại học Cần Thơ